000 00751nam a2200217Ia 4500
001 14717
003 GE_BSU
008 181216s||||||||xx |||||||||||||| ||und||
040 _cGE_BSU
080 _a624.04(075)
100 _aСимвулиди,И.А.
245 _aРасчет инженерских конструкции на упругом основании.
245 _bУчебн. пособие.
250 _a5-е изд. перераб. и доп.
260 _aМ.
260 _bВысш. школа.
260 _c1987.
300 _a576 стр. 22 см. с илл. Библиогр.: стр. 567-568.
653 _aРасчет инженерских конструкции на упругом основании.
942 _cBK
999 _c47843
_d47843